Normal view
MARC view
Entry Topical Term
001 - CONTROL NUMBER
- control field: 203590
003 - CONTROL NUMBER IDENTIFIER
- control field: MY-SjTCS
005 - DATE AND TIME OF LATEST TRANSACTION
- control field: 20200306153843.0
008 - FIXED-LENGTH DATA ELEMENTS
- fixed length control field: 200306|| aca||aabn | a|a d
040 ## - CATALOGING SOURCE
- Original cataloging agency: MY-SjTCS
- Transcribing agency: MY-SjTCS
150 ## - HEADING--TOPICAL TERM
- Topical term or geographic name entry element: Blind
670 ## - SOURCE DATA FOUND
- Source citation: Work cat.: (MY-SjTCS)22448: Kelman, James, 1946- 13768, How late it was, how late /, 1998